african countries - Statistics

General Stats
  • This quiz has been taken 24 times
    22 since last reset
  • The average score is 42 of 54
Answer Stats
africa % Correct
algeria
92%
angola
92%
botswana
92%
chad
92%
egypt
92%
ethiopia
92%
gabon
92%
ghana
92%
kenya
92%
liberia
92%
libya
92%
madagascar
92%
rwanda
92%
somalia
92%
south africa
92%
south sudan
92%
sudan
92%
uganda
92%
zambia
92%
benin
83%
burkina faso
83%
cape verde
83%
congo
83%
eswatini
83%
gambia
83%
morocco
83%
namibia
83%
tanzania
83%
zimbabwe
83%
cameroon
75%
central african republic
75%
djibouti
75%
eritrea
75%
mauritius
75%
mozambique
75%
niger
75%
nigeria
75%
togo
75%
tunisia
75%
burundi
67%
comoros
67%
equatorial guinea
67%
guinea
67%
lesotho
67%
malawi
67%
mauritania
67%
seychelles
67%
sierra leone
67%
guinea-bissau
58%
mali
58%
sao tome and principe
58%
DRC
42%
senagal
25%
côte dîvore
8%
No matching quizzes found
Score Distribution
Percent of People with Each Score
Percentile by Number Answered
Your Score History
You have not taken this quiz since the last reset